[Event "Biały Mudżyn z Afryka"]
[Site "http://www.queenalice.com/game.php?id=812640"]
[Date "2010.8.3"]
[Round "-"]
[White "Eliasz"]
[Black "takadiyi"]
[Result "1-0"]
[WhiteElo "1742"]
[BlackElo "1697"]

1. e4 e5 2. Nf3 d6 3. d4 Bg4 4. d5 Nf6 5. Nc3 c6 6. h3 Bd7 7. Bg5 Be7 8. Be2 c5
9. O-O O-O 10. Qd2 h6 11. Be3 a6 12. a3 Qb6 13. Rab1 Bb5 14. Nxb5 axb5 15. c4 b4
16. axb4 cxb4 17. Bxb6 Nxe4 18. Qxb4 Nd7 19. Be3 Rfb8 20. Bd3 Nef6 21. Qd2 b6
22. Be2 Ne4 23. Qc2 f5 24. Bd3 Ndf6 25. Bxe4 Nxe4 26. Ra1 Rxa1 27. Rxa1 b5 28.
Nd2 Nf6 29. Qxf5 bxc4 30. Qe6+ Kf8 31. Ra7 Rd8 32. Qxe7+ 1-0

[Event "AUTO-ADV-1870"]
[Site "http://www.queenalice.com/game.php?id=819719"]
[Date "2010.8.17"]
[Round "1"]
[White "sergio_damian"]
[Black "takadiyi"]
[Result "0-1"]
[WhiteElo "1838"]
[BlackElo "1715"]

1. e4 e5 2. Bc4 Nf6 3. Nf3 Nxe4 4. Nxe5 Qf6 5. Nf3 Bc5 6. O-O O-O 7. d4 Bb6 8.
c3 c6 9. Be3 d5 10. Bb3 Bg4 11. h3 Bxf3 12. Qxf3 Qg6 13. Nd2 Nxd2 14. Bxd2 Nd7
15. Rac1 Bc7 16. Bc2 Qd6 17. g3 Nf6 18. Rfe1 h6 19. b3 Qd7 20. Bf5 Qd8 21. Re2
Ne8 22. Qg4 Qf6 23. Rce1 Nd6 24. Bd3 b5 25. Re7 Bb6 26. Bf4 Nc8 27. R7e2 a5 28.
Re8 Nd6 29. Rxa8 Rxa8 30. Qd7 Ne4 31. Bxe4 dxe4 32. Rxe4 Rd8 33. Qb7 c5 34. dxc5
Bxc5 35. Qxb5 Qxc3 36. Rc4 Qe1+ 0-1

[Event "AUTO-ADV-1870"]
[Site "http://www.queenalice.com/game.php?id=819720"]
[Date "2010.8.17"]
[Round "1"]
[White "takadiyi"]
[Black "sergio_damian"]
[Result "1-0"]
[WhiteElo "1672"]
[BlackElo "1867"]

1. e4 e5 2. Bc4 Nf6 3. Nc3 Bc5 4. Nf3 Ng4 5. O-O O-O 6. h3 Nf6 7. Nxe5 Qe7 8. d4
Bd6 9. Nd5 Nxd5 10. Bxd5 Bxe5 11. dxe5 Qxe5 12. c3 c6 13. Bb3 Qxe4 14. Bc2 Qe7
15. Qh5 g6 16. Qh6 Qf6 17. Bg5 Qg7 18. Qh4 Re8 19. Rae1 Re5 20. Bf6 g5 21. Bxg5
Qxg5 22. Qxh7+ Kf8 23. Qh8+ Qg8 24. Qxe5 d5 25. Qd6+ Kg7 26. Qg3+ 1-0

[Event "AUTO-ADV-1870"]
[Site "http://www.queenalice.com/game.php?id=819745"]
[Date "2010.8.17"]
[Round "1"]
[White "Blutigeroo"]
[Black "takadiyi"]
[Result "0-1"]
[WhiteElo "1865"]
[BlackElo "1686"]

1. e4 e5 2. f4 exf4 3. Nf3 Nc6 4. d4 g5 5. h3 Bg7 6. Nc3 d6 7. Ne2 Nf6 8. Qd3 b6
9. c3 Bb7 10. Nxf4 gxf4 11. Bxf4 Ne7 12. Nd2 Ng6 13. Bh2 Qe7 14. O-O-O O-O-O 15.
g4 Nxe4 16. Bg2 Nxd2 17. Rxd2 Bxg2 18. Rxg2 Bh6+ 19. Kd1 Bf4 20. Re1 Qh4 21. Bg1
Rhe8 22. Bf2 Rxe1+ 23. Kxe1 Re8+ 24. Kf1 Qg5 25. b4 Be3 26. Be1 Kb8 27. a4 Nf4
28. h4 Nxd3 29. hxg5 Bxg5 30. Bg3 Re3 31. Bh2 Nf4 32. Rc2 Rf3+ 33. Ke1 Nd3+ 34.
Ke2 Re3+ 35. Kd1 Re1# 0-1

[Event "AUTO-ADV-1870"]
[Site "http://www.queenalice.com/game.php?id=819746"]
[Date "2010.8.17"]
[Round "1"]
[White "takadiyi"]
[Black "Blutigeroo"]
[Result "0-1"]
[WhiteElo "1709"]
[BlackElo "1933"]

1. e4 e6 2. Nc3 d6 3. Nf3 Be7 4. d4 b6 5. Bd3 Bb7 6. O-O Nd7 7. Bb5 c6 8. Bc4 a6
9. Be3 Qc7 10. b4 O-O-O 11. a4 h6 12. b5 a5 13. bxc6 Qxc6 14. Qd3 Ndf6 15. d5
Qc7 16. Nb5 Qb8 17. Bxb6 exd5 18. Bxd5 Nxd5 19. e5 Nb4 20. Na7+ Kd7 21. Qf5+ Ke8
22. Nb5 Rd7 23. exd6 Bxd6 24. Rfe1+ Ne7 25. Bxa5 g6 26. Qf6 Rh7 27. Qc3 Nd5 28.
Qd2 Kf8 29. Nxd6 Rxd6 30. c4 Nb6 31. Qb4 Nbc8 32. c5 Re6 33. Rxe6 fxe6 34. Qg4
Bd5 35. Bc3 g5 36. Ne5 Nf5 37. c6 Qa7 38. Bb4+ Ncd6 39. Nd7+ Rxd7 40. cxd7 Qxd7
41. Qxf5+ exf5 42. h3 Qc6 43. f3 g4 44. hxg4 fxg4 45. a5 Ke8 46. Ra3 Nc4 47. Rc3
gxf3 48. gxf3 Qb7 49. Rb3 Qg7+ 50. Kf2 Qd4+ 51. Kg3 Nxa5 52. Bxa5 Bxb3 53. Bc7
Qg7+ 54. Kf4 Qxc7+ 55. Ke4 Qg3 56. f4 Kf7 57. Ke5 Qe3+ 58. Kf5 Qe6# 0-1

[Event "AUTO-INT-1791"]
[Site "http://www.queenalice.com/game.php?id=819790"]
[Date "2010.8.18"]
[Round "1"]
[White "backnine"]
[Black "takadiyi"]
[Result "0-1"]
[WhiteElo "1615"]
[BlackElo "1736"]

1. e4 e5 2. d3 Nf6 3. g3 d5 4. Qe2 Nc6 5. c3 Bd6 6. Bg2 d4 7. Nf3 dxc3 8. bxc3
O-O 9. O-O Be6 10. Bg5 h6 11. Bxf6 Qxf6 12. Qc2 b5 13. a3 a5 14. Nbd2 b4 15.
axb4 axb4 16. Rfe1 b3 17. Nxb3 Rxa1 18. Rxa1 Rb8 19. Na5 Nxa5 20. Rxa5 Bg4 21.
Nd2 Rb6 22. Ra7 Rc6 23. Nb3 Rb6 24. Ra8+ Kh7 25. Na5 Be6 26. c4 Bc5 27. Qe2 Rb1+
28. Bf1 Bh3 29. Nb7 Rxf1+ 30. Qxf1 Bxf1 31. Kxf1 Qxf2# 0-1

[Event "AUTO-INT-1791"]
[Site "http://www.queenalice.com/game.php?id=819791"]
[Date "2010.8.18"]
[Round "1"]
[White "takadiyi"]
[Black "backnine"]
[Result "1-0"]
[WhiteElo "1728"]
[BlackElo "1592"]

1. e4 e5 2. Bc4 g6 3. Nf3 d6 4. Nc3 c6 5. d4 Qc7 6. d5 Bg7 7. O-O Nf6 8. Ng5 O-O
9. Be3 Nh5 10. Be2 Nf4 11. Bg4 Qe7 12. Bxc8 Rxc8 13. Nf3 Rd8 14. dxc6 bxc6 15.
b4 a6 16. a4 d5 17. Bc5 Qb7 18. Ne2 Bf6 19. Nxf4 dxe4 20. Qe2 exf3 21. Qxf3 exf4
22. Rae1 Kg7 23. Qxf4 Nd7 24. Be7 Re8 25. Bxf6+ Nxf6 26. Rxe8 Rxe8 27. c3 Re2
28. Qd4 Qe7 29. g3 Re1 30. Rxe1 Qxe1+ 31. Kg2 Qe4+ 32. Qxe4 Nxe4 33. c4 Nd6 34.
c5 Nc4 35. Kf3 Nb2 36. b5 axb5 37. axb5 cxb5 38. Ke4 Kf8 39. c6 Ke8 40. Kd5 b4
41. Kc5 Kd8 42. Kxb4 Nd3+ 43. Kb5 Nxf2 44. Kb6 Kc8 45. c7 Ng4 46. h3 Nf2 47. h4
Ne4 48. g4 Nf2 49. g5 Nd3 50. Kc6 Ne5+ 51. Kd6 Nf3 52. Ke7 Nxh4 53. Kxf7 Nf5 54.
Kg8 h6 55. gxh6 Nxh6+ 56. Kg7 1-0

[Event "AUTO-INT-1791"]
[Site "http://www.queenalice.com/game.php?id=819804"]
[Date "2010.8.18"]
[Round "1"]
[White "johndavidtelker"]
[Black "takadiyi"]
[Result "1-0"]
[WhiteElo "1789"]
[BlackElo "1683"]

1. d4 e6 2. e4 d6 3. Nc3 Nf6 4. Bc4 d5 5. Bb3 dxe4 6. f3 exf3 7. Nxf3 Bb4 8. O-O
O-O 9. Ne5 Nbd7 10. Bg5 h6 11. Bh4 c5 12. a3 Ba5 13. Nxd7 Qxd7 14. Bxf6 gxf6 15.
Rxf6 cxd4 16. Qg4+ 1-0

[Event "AUTO-INT-1791"]
[Site "http://www.queenalice.com/game.php?id=819805"]
[Date "2010.8.18"]
[Round "1"]
[White "takadiyi"]
[Black "johndavidtelker"]
[Result "0-1"]
[WhiteElo "1699"]
[BlackElo "1771"]

1. e4 c6 2. Nc3 d5 3. exd5 cxd5 4. Bb5+ Nc6 5. d4 e6 6. Nf3 Bd7 7. Bxc6 Bxc6 8.
O-O Nf6 9. Ne5 Be7 10. Qf3 O-O 11. Qg3 Nh5 12. Qg4 g6 13. Bh6 Ng7 14. Nf3 Re8
15. Ne5 Nf5 16. b3 Nxh6 17. Qf3 Rf8 18. Ne2 Qc7 19. Nd3 f6 20. Nef4 Bd7 21. Rac1
g5 22. Nh5 Rae8 23. a4 a5 24. c4 Bc6 25. cxd5 exd5 26. Rfe1 Qd6 27. Ng3 Bd7 28.
Rc5 Bg4 29. Qxd5+ Qxd5 30. Rxd5 b6 31. h3 Bc8 32. Rb5 Bd8 33. Rc1 Ba6 34. d5
Bxb5 35. axb5 f5 36. f3 Re3 37. Nf2 Rfe8 38. Rb1 R8e5 39. d6 Rd5 40. Nd1 Re1+
41. Kf2 Rexd1 42. Rxd1 Rxd1 43. Nh5 Rd3 44. g4 f4 45. h4 Rxb3 46. hxg5 Bxg5 47.
Ke2 Rxb5 48. Kd3 Rc5 49. Ke4 a4 50. Kd4 a3 51. d7 a2 52. Nxf4 a1=Q+ 53. Ke4 Qe5+
54. Kd3 Nf7 55. Ne2 Qd5+ 56. Nd4 Qxd7 57. f4 Bd8 58. f5 Rd5 59. Ke4 Rxd4+ 60.
Kf3 Qc6+ 61. Kg3 Qc3+ 62. Kf2 Rd2+ 0-1

[Event "AUTO-INT-1791"]
[Site "http://www.queenalice.com/game.php?id=819812"]
[Date "2010.8.18"]
[Round "1"]
[White "pinnive"]
[Black "takadiyi"]
[Result "1-0"]
[WhiteElo "1681"]
[BlackElo "1702"]

1. e4 e5 2. Nf3 Nc6 3. Bb5 Bc5 4. O-O Nf6 5. Re1 O-O 6. c3 Ng4 7. d4 exd4 8.
cxd4 Bb6 9. Nc3 a6 10. Ba4 d6 11. Bg5 f6 12. Bb3+ Kh8 13. Bf4 Ne7 14. h3 Nh6 15.
Bxh6 gxh6 16. Nh4 Rg8 17. Bxg8 Qxg8 18. Qd3 Nc6 19. Nd5 Qg5 20. Nxb6 cxb6 21.
Nf5 Nb4 22. Qc3 a5 23. a3 Nc6 24. Nxd6 Ne7 25. Nf7+ Kg7 26. Nxg5 hxg5 27. Qc7
Kf7 28. e5 f5 29. d5 Ke8 30. d6 Nd5 31. d7+ Bxd7 32. Qxb7 Bc6 33. Qxc6+ 1-0

[Event "AUTO-INT-1791"]
[Site "http://www.queenalice.com/game.php?id=819813"]
[Date "2010.8.18"]
[Round "1"]
[White "takadiyi"]
[Black "pinnive"]
[Result "0-1"]
[WhiteElo "1685"]
[BlackElo "1748"]

1. e4 e5 2. Bc4 Nc6 3. Qf3 Nf6 4. Nc3 Nd4 5. Qd3 d5 6. Nf3 Nxf3+ 7. Qxf3 dxc4 8.
d3 cxd3 9. cxd3 Bc5 10. Bg5 c6 11. a3 Be6 12. b4 Bd4 13. Rc1 h6 14. Bxf6 Qxf6
15. Qxf6 gxf6 16. O-O Rg8 17. g3 Bh3 18. Rfe1 h5 19. Ne2 Bb6 20. Red1 Bg4 21.
Rc2 h4 22. Rdc1 Bxe2 23. Rxe2 hxg3 24. hxg3 Rxg3+ 25. Kh2 Rxd3 26. Rg1 Ke7 27.
Ra2 Rh8+ 28. Kg2 Rg8+ 29. Kh2 Rxg1 30. Kxg1 Rd4 31. Re2 Rd3 32. Ra2 Rf3 33. Kg2
Rxf2+ 34. Rxf2 Bxf2 35. Kxf2 Ke6 36. Kf3 f5 37. a4 fxe4+ 38. Kxe4 f5+ 39. Kf3
Kd5 40. Ke3 Kc4 41. b5 cxb5 42. axb5 Kxb5 0-1

[Event "Prof_Odair"]
[Site "http://www.queenalice.com/game.php?id=828046"]
[Date "2010.9.4"]
[Round "3"]
[White "Liesel"]
[Black "takadiyi"]
[Result "0-1"]
[WhiteElo "1766"]
[BlackElo "1696"]

1. e4 e5 2. Nf3 d6 3. d4 Bg4 4. Be2 Nd7 5. Nc3 g6 6. Be3 Bg7 7. Qd2 Ngf6 8. h3
Bxf3 9. Bxf3 O-O 10. Bh6 exd4 11. Bxg7 Kxg7 12. Qxd4 Re8 13. O-O-O Kg8 14. Nd5
c5 15. Nxf6+ Nxf6 16. Qxd6 Qxd6 17. Rxd6 Nxe4 18. Bxe4 Rxe4 19. Rhd1 b6 20. f3
Re2 21. g3 h5 22. Rd8+ Rxd8 23. Rxd8+ Kg7 24. Rd7 Re3 25. Rxa7 Rxf3 26. Rb7 Rxg3
27. Rxb6 Rxh3 28. Rc6 f5 29. Rxc5 Rg3 30. a4 h4 31. Rc3 Rxc3 32. bxc3 h3 33. a5
h2 0-1

[Event "Challenge"]
[Site "http://www.queenalice.com/game.php?id=834846"]
[Date "2010.9.19"]
[Round "-"]
[White "WILSONCSQ"]
[Black "takadiyi"]
[Result "1-0"]
[WhiteElo "1681"]
[BlackElo "1747"]

1. e4 e5 2. Nf3 d6 3. Nc3 Nf6 4. d3 Nc6 5. Be2 Be7 6. Be3 Be6 7. O-O a6 8. a3 b5
9. Bg5 h6 10. Bxf6 Bxf6 11. Nd5 Bxd5 12. exd5 Ne7 13. c4 bxc4 14. dxc4 O-O 15.
Qe1 c6 16. dxc6 Nxc6 17. Bd3 a5 18. Qe4 Nd4 19. Qh7# 1-0

[Event "AUTO-ADV-1870"]
[Site "http://www.queenalice.com/game.php?id=884025"]
[Date "2011.1.10"]
[Round "2"]
[White "takadiyi"]
[Black "davi21"]
[Result "0-1"]
[WhiteElo "1738"]
[BlackElo "1828"]

1. e4 e5 2. Nf3 Nf6 3. d3 d5 4. Nxe5 dxe4 5. Bg5 Qe7 6. d4 Qb4+ 7. Qd2 Qxb2 8.
Qc3 Bb4 9. Bb5+ c6 10. Qxb4 Qxb4+ 11. Nd2 Qxb5 12. c4 Qb2 13. O-O Qxd4 14. Bf4
Ng4 15. Rad1 f6 16. Nef3 exf3 17. Rde1+ Kf7 18. Re4 Qd3 0-1

[Event "AUTO-ADV-1870"]
[Site "http://www.queenalice.com/game.php?id=884026"]
[Date "2011.1.10"]
[Round "2"]
[White "davi21"]
[Black "takadiyi"]
[Result "1-0"]
[WhiteElo "1814"]
[BlackElo "1752"]

1. Nf3 d5 2. d4 Nc6 3. Bf4 Nf6 4. Nbd2 g6 5. e3 Bg4 6. c4 e6 7. a3 Bg7 8. Qa4
O-O 9. Bd3 dxc4 10. Qxc4 Nd5 11. Ne5 Qh4 12. Bg3 Qf6 13. Nd7 Qg5 14. Nxf8 Bxf8
15. Ne4 Qe7 16. Nc5 b6 17. Na6 Qd7 18. Rc1 1-0

[Event "AUTO-ADV-1870"]
[Site "http://www.queenalice.com/game.php?id=884027"]
[Date "2011.1.10"]
[Round "2"]
[White "takadiyi"]
[Black "ZbynioG"]
[Result "1-0"]
[WhiteElo "1726"]
[BlackElo "2066"]

1. e4 Nf6 2. Nc3 d5 3. exd5 Nxd5 4. Nxd5 Qxd5 5. Nf3 Bg4 6. Be2 Nc6 7. d3 O-O-O
8. c4 Qd6 9. O-O e5 10. h3 Bh5 11. Bg5 f6 12. Be3 Be7 13. c5 Qd7 14. a3 Bg6 15.
b4 Bxd3 16. Nd2 Bxe2 17. Qxe2 f5 18. Rad1 f4 19. Ne4 Qf5 20. Rxd8+ 1-0

[Event "AUTO-ADV-1870"]
[Site "http://www.queenalice.com/game.php?id=884028"]
[Date "2011.1.10"]
[Round "2"]
[White "ZbynioG"]
[Black "takadiyi"]
[Result "0-1"]
[WhiteElo "2036"]
[BlackElo "1756"]

1. c4 e5 2. Nc3 Nf6 3. Nf3 Nc6 4. d3 Bb4 5. Bd2 O-O 6. g3 d5 7. cxd5 Nxd5 8.
Nxd5 Qxd5 9. Bg2 Bf5 10. Nh4 Qd4 11. Nxf5 Qd7 12. Nh4 a5 13. O-O Rad8 14. Rc1 b6
15. Bxc6 Qc8 16. Bxb4 axb4 17. Qb3 Rd6 18. Be4 g6 19. Rc6 Rxc6 0-1

[Event "AUTO-ADV-1870"]
[Site "http://www.queenalice.com/game.php?id=939943"]
[Date "2011.5.19"]
[Round "3"]
[White "takadiyi"]
[Black "Santista38"]
[Result "0-1"]
[WhiteElo "1798"]
[BlackElo "1919"]

1. e4 e5 2. Nf3 d6 3. Nc3 Bg4 4. Bc4 Nf6 5. d3 h6 6. Be3 a5 7. O-O Be7 8. h3
Bxf3 9. Qxf3 c6 10. a3 Nbd7 11. Rae1 Nb6 12. Bxb6 Qxb6 13. b3 O-O 14. Na4 Qc7
15. Qe3 b5 16. Bxf7+ Rxf7 17. Nc3 b4 18. axb4 axb4 19. Ne2 c5 20. f4 exf4 21.
Nxf4 Rff8 22. Ne6 Qc6 23. Qg3 Rf7 24. e5 dxe5 25. Qxe5 Bd6 26. Qf5 Qd5 27. Qg6
Be5 28. Rf5 Bd4+ 29. Kh1 Qd6 30. Rxf6 Bxf6 31. Nxg7 Rxg7 32. Re8+ Rxe8 33. Qxe8+
Qf8 34. Qe6+ Kh7 35. Qf5+ Rg6 36. Qd7+ Qe7 37. Qf5 Qe1+ 38. Kh2 Qg3+ 0-1

[Event "AUTO-ADV-1870"]
[Site "http://www.queenalice.com/game.php?id=939944"]
[Date "2011.5.19"]
[Round "3"]
[White "Santista38"]
[Black "takadiyi"]
[Result "1-0"]
[WhiteElo "1930"]
[BlackElo "1787"]

1. d4 d5 2. Bf4 Nc6 3. Nc3 Nf6 4. Nb5 a6 5. Nxc7+ Qxc7 6. Bxc7 e6 7. Nf3 Ne4 8.
c3 b5 9. Ne5 Bb7 10. Nxc6 Bxc6 11. e3 Bd6 12. Bxd6 Nxd6 13. Be2 O-O 14. Qc2 g6
15. Bf3 Rac8 16. O-O a5 17. Be2 Ne4 18. Bd3 Ng5 19. h4 Ne4 20. Bxe4 dxe4 21. a3
Rfd8 22. b4 a4 23. Qd1 h5 24. g4 hxg4 25. Qe2 f5 26. Kh2 Kf7 27. Kg3 Rh8 28. Rh1
Rh5 29. Rh2 Rch8 30. c4 bxc4 31. Qxc4 Be8 32. Qc7+ Kg8 33. Qe7 Bf7 34. Rc1 Kg7
35. Rc7 Rf8 36. Qxe6 Rhh8 37. Qe5+ Kh6 38. Qf6 Be8 39. Qg5# 1-0

[Event "Challenge"]
[Site "http://www.queenalice.com/game.php?id=950906"]
[Date "2011.6.17"]
[Round "-"]
[White "jeffcom2f"]
[Black "takadiyi"]
[Result "1-0"]
[WhiteElo "1785"]
[BlackElo "1815"]

1. e4 e5 2. f4 exf4 3. Nf3 Nc6 4. d4 d6 5. Bxf4 Nf6 6. Nc3 Bg4 7. Bb5 Qd7 8. O-O
a6 9. Ba4 O-O-O 10. d5 Re8 11. dxc6 bxc6 12. Qd3 g6 13. Qxa6+ Kd8 14. Nd5 Rxe4
15. Nxf6 Qf5 16. Nxe4 Qxf4 17. Nfg5 Qe3+ 18. Kh1 Bf5 19. Nxf7+ Ke7 20. Neg5 Kf6
21. Qxc6 h6 22. Nxh8 Kxg5 23. Nf7+ Kh5 24. Qd5 Qe6 25. Rxf5+ Qxf5 26. g4+ Kxg4
27. Nxh6+ Bxh6 28. Qxf5+ Kxf5 29. Re1 Bf4 30. Bc6 Be5 31. c3 g5 32. a4 d5 33.
Bxd5 c5 34. a5 Bb8 35. a6 Ba7 36. Re7 Bb6 37. a7 Bxa7 38. Rxa7 Ke5 39. Bg2 g4
40. Rd7 Ke6 41. Rd2 Ke5 42. Rd5+ Kf4 43. Rxc5 g3 44. hxg3+ Kxg3 45. b4 Kf4 46.
b5 Ke3 47. Rd5 Kf4 48. b6 1-0